|
|
|
|
| LEADER |
00767cam a2200229 7i4500 |
| 001 |
0000044117 |
| 005 |
20200110090000.0 |
| 020 |
|
|
|a 9793465816 (pbk.)
|
| 090 |
0 |
0 |
|a HM585
|b .S65 2004
|
| 245 |
0 |
0 |
|a Sosiologi :
|b teks pengantar & terapan
|c editors, J. Dwi Narwoko, Bagong Suyanto.
|
| 250 |
|
|
|a 2nd ed.
|
| 260 |
|
|
|a Jakarta:
|b Kencana,
|c 2004.
|
| 300 |
|
|
|a xvi, 364 p.;
|c 23 cm.
|
| 500 |
|
|
|a Gift: Prof. Dr. Mohd Nor bin Nawawi
|
| 650 |
0 |
0 |
|a Sociology
|
| 700 |
1 |
|
|a Narwoko, J. Dwi
|
| 700 |
1 |
|
|a Suyanto, Bagong
|
| 997 |
|
|
|a Centre for Graduate Studies
|
| 998 |
|
|
|a Education Management, Master
|
| 998 |
|
|
|a Curriculum Management, Master
|
| 999 |
|
|
|a 0000053901
|b BOK
|c OPEN SHELF
|e 1st Floor, Shah Alam
|
| 999 |
|
|
|a 0000068497
|b BOK
|c OPEN SHELF
|e 1st Floor, Bestari Jaya
|